Filmographie #1 Catherine Deneuve - Statistiques

Statistiques générales
  • Ce quiz a été pris 139 fois
  • Le résultat moyen est 12 sur 19
Statistiques - réponses
Année Rôle Partenaires de jeu Film % Correct
1967 Delphine Garnier Françoise Dorléac, Danielle Darrieux, Gene Kelly Les Demoiselles de Rochefort
96%
1970 La reine bleue, ------------- Jean Marais, Jacques Perrin Peau d'Âne
90%
2001 Gaby Isabelle Huppert, Fanny Ardant Huit femmes
88%
1964 Geneviève Emery Nino Castelnuovo Les Parapluies de Cherbourg
88%
1980 Marion Steiner Gérard Depardieu Le Dernier Métro
87%
1967 Séverine Serizy Jean Sorel, Geneviève Page Belle de jour
74%
1975 Nelly Yves Montand Le Sauvage
70%
1992 Eliane Devries Vincent Perez Indochine
68%
2005 La reine Eugénia Valérie Lemercier, Lambert Wilson Palais royal
68%
2010 Suzanne Pujol Gérard Depardieu, Fabrice Luchini Potiche
66%
1969 Marion Vergano, Julie Roussel Jean-Paul Belmondo La Sirène du Mississipi
59%
1993 Emilie Daniel Auteuil Ma saison préférée
51%
2015 Juge Florence Blaque Benoit Magimel La tête haute
48%
2013 Bettie Gérard Garouste Elle s'en va
44%
1998 Marianne Emmanuel Seignier, Jacques Dutronc Place Vendôme
44%
1980 Alice Serge Gainsbourg, Alain Souchon Je vous aime
43%
1983 Miriam Blaylock David Bowie, Susan Sarandon Les Prédateurs
41%
1984 Louise Tissot Gérard Depardieu Fort Saganne
28%
2008 Junon Chiara Mastroianni Un conte de Noël
27%
Aucun quiz correspondant
Distribution des résultats
% des personnes avec chaque résultat
Percentile par nombre de réponses
Votre historique - résultats
Vous n’avez pas pris ce quiz